000 01234cam a2200349 a 4500
001 3913897
003 OSt
005 20140310181653.0
008 930921s1990 nyua j 000 1 eng d
010 _a 91171140
020 _a0553158600 :
_c$2.95 ($3.50 Can.)
035 _a(OCoLC)22716762
040 _aIWhN
_cIWhN
_dOCoLC
_dO
_dDLC
042 _alccopycat
050 0 4 _aPZ 7
_b.St849 1990
082 _aKF St4svn
_b#1
100 1 _aStewart, Molly Mia.
_93765
245 1 4 _aThe case of the secret Santa /
_cwritten by Molly Mia Stewart ; created by Francine Pascal ; illustrated by Ying-Hwa Hu.
260 _aNew York :
_bBantam Books,
_cc1990.
300 _a88 p. :
_bill. ;
_c20 cm.
440 0 _aSweet Valley kids super snooper ;
_v#1
_94350
541 _j1
541 _j2
562 _eFor circulation 2 copies in the collection
650 1 _aSanta Claus
_xFiction.
_94351
700 1 _aPascal, Francine.
_93767
700 1 _aHu, Ying-Hwa,
_eill.
_94352
856 4 2 _3Publisher description
_uhttp://www.loc.gov/catdir/description/random0411/91171140.html
906 _a7
_bcbc
_ccopycat
_d3
_encip
_f19
_gy-gencatlg
942 _2lcc
_cBK-KF
_kKF
999 _c1036
_d1036